| 000 | 00580nam a2200181 i 4500 | ||
|---|---|---|---|
| 001 | 150826 | ||
| 003 | ES-MaACL | ||
| 005 | 20230906203721.0 | ||
| 007 | t| | ||
| 008 | 071114s1907 sp ||||1| spa d | ||
| 080 | _a821.134.3-31"18" | ||
| 100 | 1 |
_aAlmeida Botelho, Abel Acácio de. _920118 |
|
| 245 | 1 | 3 |
_aEl barón de Lavos : _bnovela / _cAbel Botelho ; traducción del portugués y prólogo de Felipe Trigo. |
| 260 |
_aMadrid : _b[s.n., _c1907?] ( _fArróyave y González) |
||
| 300 |
_a2 v. ; _c18 cm. |
||
| 700 | 1 |
_aTrigo, Felipe. _9111409 |
|
| 852 | 4 |
_aES-MaACL _jD-1451-52 |
|
| 999 |
_c150826 _d150826 |
||